000 00361 a2200157 4500
001 61370
020 _a9783190015030
040 _cAnchieta - Pituba
100 _aPrange, Lisa
240 1 0 _a44 sprechspiele
_lpor
245 1 0 _a44 sprechspiele
300 _a104
362 0 _a2004
650 4 _aLínguas germânicas (teutônicas) língua alemã
942 _cBK
999 _c61370
_d61370